| 000 | 00949nam a2200289 a 4500 | ||
|---|---|---|---|
| 001 | 573 | ||
| 003 | BD-RjUL | ||
| 005 | 20211208233212.0 | ||
| 008 | 131118s1966 nyu 000 0 eng | ||
| 035 | _a(BD-RjUL) | ||
| 035 | _a(OCoLC)5968796 | ||
| 040 |
_aDLC _cPPD _dDLC _dBD-RjUL _beng |
||
| 041 | _aeng | ||
| 082 |
_a020.942 _bPAF 1966 _216 |
||
| 100 | 1 |
_aPalmer, Bernard Ira, _d1910- _91751 |
|
| 245 | 1 | 0 |
_aFrom little acorns : _bthe library profession in Britain / _cby B. I. Palmer. |
| 260 |
_aNew York : _bAsia Pub. House , _c1966. |
||
| 300 |
_a176 p. ; _c19 cm. |
||
| 504 | _aBibliographical references: p. 165-167. | ||
| 650 | 0 |
_aLibrary science _zGreat Britain. _91753 |
|
| 710 | 2 |
_aSarada Ranganathan Endowment for Library Science. _91754 |
|
| 942 |
_2ddc _cBK |
||
| 999 |
_c573 _d573 |
||